| 000 | 00604nam a22002057a 4500 | ||
|---|---|---|---|
| 005 | 20170711134656.0 | ||
| 008 | 170711b sp||||| |||| 00| 0 spa d | ||
| 020 | _a8484449548 | ||
| 050 | 0 | 4 |
_aQH146 .7 _bV65 2005 |
| 100 | 1 |
_aVollmer, Gerhard, _d1943- |
|
| 245 | 1 | 0 |
_aTeoría evolucionista del conocimiento / _cGerhard Vollmer |
| 250 | _a1a ed. | ||
| 260 |
_aGranada, España : _bComares, _c2005. |
||
| 300 |
_a310 p. ; _c22 cm. |
||
| 490 | 0 |
_aFilosofía hoy, _vNo 31. |
|
| 650 | 4 | _aTeoría del conocimiento. | |
| 650 | 4 | _aEvolución. | |
| 650 | 4 | _aFilosofía de la ciencia. | |
| 942 |
_2lcc _cLIB |
||
| 999 |
_c135625 _d135625 |
||